Statistics for Brooks & Dunn - Red Dirt Road Lyrics

Click here to take the quiz!

General Stats

  • This quiz has been taken 24 times
  • The average score is 208 of 316

Answer Stats

Answer% Correct
I
100%
Where
100%
where
100%
car,
94%
my
94%
to
94%
a
88%
by
88%
dirt
88%
first
88%
found
88%
it
88%
Jesus.
88%
red
88%
road.
88%
That
88%
that
88%
tore
88%
all
82%
beer.
82%
It's
82%
pieces.
82%
of
76%
on
76%
the
76%
wrecked
76%
and
71%
And
71%
barefoot
71%
drank
71%
Learned
71%
learned
71%
saw
71%
was
71%
believers.
65%
down
65%
heaven
65%
in.
65%
in
65%
Mary,
65%
out
65%
path
65%
raised
65%
That's
65%
turn
65%
back
59%
blackberries.
59%
church
59%
ends
59%
ends.
59%
for
59%
Johnson's
59%
me
59%
off
59%
pickin'
59%
race
59%
route
59%
sinners
59%
Sunday
59%
three,
59%
walk
59%
full
53%
happiness
53%
morning
53%
roadside
53%
soul
53%
summer
53%
achievers.
47%
ain't
47%
blacktop
47%
corner
47%
Earth
47%
high
47%
just
47%
life
47%
past
47%
rural
47%
turned
47%
fence.
41%
her
41%
Her
41%
We'd
41%
at
35%
come
35%
daddy
35%
didn't
35%
GTO.
35%
headlights
35%
is
35%
know
35%
like
35%
both
29%
drive
29%
I'd
29%
I've
29%
moonlight,
29%
much,
29%
shackled
29%
there's
29%
up
24%
bedroom
18%
into
18%
middle
18%
night,
18%
oh,
18%
rocks
18%
sneak
18%
throw
18%
what
18%
window.
18%
about
12%
again.
12%
came
12%
future
12%
got
12%
hold,
12%
lost
12%
might
12%
talk
12%
world,
12%
home
6%
went
6%
driving
0%
feels
0%
friend.
0%
long
0%
tonight
0%

Score Distribution

Percentile by Number Answered

Percent of People with Each Score

Your Score History

You have not taken this quiz